The norton anthology of American literature - 5th edition - volume 2

Spremljeno u:
Bibliografski detalji
Format: Knjiga
Oznake: Dodaj oznaku
Bez oznaka, Budi prvi tko označuje ovaj zapis!
Thư viện lưu trữ: Mạng thư viện Đại học Đà Nẵng
LEADER 00449nam a22001691a 4500
001 000040461
003 16756
005 20160412023220.0
008 160412s0 000
082 |a A23127-28 
245 |a The norton anthology of American literature - 5th edition - volume 2  |c Baym… 
OWN |a LNN 
999 |a From the UDN01 
TYP |a Monograph 
980 |a Mạng thư viện Đại học Đà Nẵng